The history and antiquities of the county of Essex (Record no. 114068)

MARC details
000 -LEADER
fixed length control field 00794cam a22001815a 4500
001 - CONTROL NUMBER
control field L156162
008 - FIXED-LENGTH DATA ELEMENTS--GENERAL INFORMATION
fixed length control field 120502s1816 xxk f 000 0 eng d
035 ## - SYSTEM CONTROL NUMBER
System control number (Sirsi) u156162
041 0# - LANGUAGE CODE
Language code of text/sound track or separate title eng
100 1# - MAIN ENTRY--PERSONAL NAME
Personal name Morant, Philip
Dates associated with a name 1700-1770
245 04 - TITLE STATEMENT
Title The history and antiquities of the county of Essex
Remainder of title compiled from the best and most ancient historians; from Domesday-book, Inquisitiones post mortem, and other the most valuable records and mss. &c. The whole digested, improved, perfected, and brought down to the present time
260 ## - PUBLICATION, DISTRIBUTION, ETC.
Place of publication, distribution, etc. Chelmsford
Name of publisher, distributor, etc. Reprinted and sold by Meggy and Chalk
Date of publication, distribution, etc. 1816
300 ## - PHYSICAL DESCRIPTION
Extent 2 v.
Other physical details ill., maps
Dimensions 41 cm.
583 0# - ACTION NOTE
Action Condition reviewed
Time/date of action 20120620
Status condition level 2 and 4, detached boards
651 #4 - SUBJECT ADDED ENTRY--GEOGRAPHIC NAME
Geographic name England
Chronological subdivision 886-
690 ## - LOCAL SUBJECT ADDED ENTRY--TOPICAL TERM (OCLC, RLIN)
Topical term or geographic name as entry element Rural
9 (RLIN) 6268
942 ## - ADDED ENTRY ELEMENTS (KOHA)
Suppress in OPAC 0
Holdings
Withdrawn status Lost status Source of classification or shelving scheme Damaged status Not for loan Home library Current library Shelving location Date acquired Total Checkouts Full call number Barcode Date last seen Copy number Price effective from Koha item type
    Dewey Decimal Classification     Historic collection Historic collection Historic collection 02/05/2012   FOLIO 1816 MORANT VOL. 1 30077708 06/08/2019 1 06/08/2019 Book
    Dewey Decimal Classification     Historic collection Historic collection Historic collection 13/02/2013   FOLIO 1816 MORANT VOL. 2 30076735 06/08/2019 1 06/08/2019 Book